Statistics for Top 25 Most Powerful Pokemon

Click here to take the quiz!

General Stats

  • This quiz has been taken 1,341 times
  • The average score is 16 of 25

Answer Stats

Rank Type Answer % Correct
14PsychicMew
94%
2PsychicMewtwo
92%
13Dragon FlyingDragonite
76%
1NormalArceus
75%
3Psychic FlyingLugia
75%
4Fire FlyingHo-oh
73%
7Water DragonPalkia
72%
6Steel DragonDialga
71%
5Dragon FlyingRayquaza
70%
11GroundGroudon
70%
8Ghost DragonGiratina
67%
10WaterKyogre
67%
16Psychic GrassCelebi
61%
20Dragon PsychicLatios
59%
19Dragon PsychicLatias
59%
24Fire SteelHeatran
57%
17Dragon FlyingSalamence
52%
21Steel PsychicJirachi
52%
22PsychicDeoxys
51%
15Rock DarkTyranitar
50%
18Steel PsychicMetagross
50%
12NormalRegigigas
48%
23Dragon GroundGarchomp
48%
9NormalSlaking
33%
25PsychicCresselia
32%

Score Distribution

Percentile by Number Answered

Percent of People with Each Score

Your Score History

You have not taken this quiz